000
00304nam a22001337a 4500
008
180111b xxu||||| |||| 00| 0 eng d
020
_a
9780138161903
041
_a
eng
080
_a
37
100
_a
46
101
_a
EDU
245
_a
Sound advantage a pronunciation book
_c
hagen,s.a
942
_2
udc
_c
BK
999
_c
40075
_d
40075